| 000 | 00603nam a22002057a 4500 | ||
|---|---|---|---|
| 003 | OSt | ||
| 005 | 20240619184956.0 | ||
| 008 | 240619b |||||||| |||| 00| 0 sp d | ||
| 040 |
_acunsuroc _besp. _cana _dana |
||
| 082 |
_222a. _a170 S211:22 |
||
| 100 |
_aSánchez Vásquez, Adolfo _98250 |
||
| 245 |
_aÉtica _cSánchez Vásquez, Adolfo _hFísico |
||
| 250 | _a22a. | ||
| 260 |
_aMéxico: _bGrijalbo, _c1979. |
||
| 300 |
_a245p. _b; _c23cm. |
||
| 365 |
_b2 _d10.20 y 10.53 _jmx. |
||
| 504 | _aIncluye Bibliografía | ||
| 650 | _2Ética | ||
| 942 |
_2ddc _cBK _e22a. _h170 S211:22 _n0 |
||
| 999 |
_c3001 _d3001 |
||